Research methods in education/ (Record no. 169309)
[ view plain ]
| 000 -LEADER | |
|---|---|
| fixed length control field | 00909nam a2200289 a 4500 |
| 008 - FIXED-LENGTH DATA ELEMENTS--GENERAL INFORMATION | |
| fixed length control field | |
| 020 ## - INTERNATIONAL STANDARD BOOK NUMBER | |
| International Standard Book Number | 9789352806249 (paperback) |
| 040 ## - CATALOGING SOURCE | |
| Original cataloging agency | NUST |
| Transcribing agency | NUST |
| 049 ## - LOCAL HOLDINGS (OCLC) | |
| Holding library | MAIN |
| 090 ## - LOCALLY ASSIGNED LC-TYPE CALL NUMBER (OCLC); LOCAL CALL NUMBER (RLIN) | |
| Classification number (OCLC) (R) ; Classification number, CALL (RLIN) (NR) | LB1028 |
| Local cutter number (OCLC) ; Book number/undivided call number, CALL (RLIN) | LI |
| 003 - CONTROL NUMBER IDENTIFIER | |
| control field | |
| 005 - DATE AND TIME OF LATEST TRANSACTION | |
| control field | 20240323091918.0 |
| 100 1# - MAIN ENTRY--PERSONAL NAME | |
| Personal name | Li, Wang., |
| -- | author. |
| 245 10 - TITLE STATEMENT | |
| Title | Research methods in education/ |
| Statement of responsibility, etc. | Wang Li ; Peng Liping & Qutub Khan. |
| 260 ## - PUBLICATION, DISTRIBUTION, ETC. | |
| Place of publication, distribution, etc. | New Delhi, India : |
| Name of publisher, distributor, etc. | SAGE/TEXTS, |
| Date of publication, distribution, etc. | 2018. |
| 300 ## - PHYSICAL DESCRIPTION | |
| Extent | xxv, 578 pages : |
| Other physical details | illustrations ; |
| Dimensions | 24 cm. |
| 336 ## - CONTENT TYPE | |
| Content type term | text |
| Content type code | txt |
| Source | rdacontent |
| 337 ## - MEDIA TYPE | |
| Media type term | unmediated |
| Media type code | n |
| Source | rdamedia |
| 338 ## - CARRIER TYPE | |
| Carrier type term | volume |
| Carrier type code | nc |
| Source | rdacarrier |
| 500 ## - GENERAL NOTE | |
| General note | Includes index. |
| 504 ## - BIBLIOGRAPHY, ETC. NOTE | |
| Bibliography, etc. note | Includes bibliographical references. |
| 650 #1 - SUBJECT ADDED ENTRY--TOPICAL TERM | |
| Topical term or geographic name entry element | Education |
| General subdivision | Research. |
| 700 ## - ADDED ENTRY--PERSONAL NAME | |
| Personal name | Liping, Peng., |
| -- | author. |
| 700 ## - ADDED ENTRY--PERSONAL NAME | |
| Personal name | Khan, Qutub., |
| -- | author. |
| 907 ## - LOCAL DATA ELEMENT G, LDG (RLIN) | |
| a | .b10405653 |
| b | 08-07-21 |
| c | 18-06-21 |
| 942 ## - ADDED ENTRY ELEMENTS (KOHA) | |
| Koha item type | Ordinary Loan Books |
| Call number prefix | LB1028 |
| Call number suffix | LI |
| Koha issues (borrowed), all copies | 1 |
| Date last seen | Total Checkouts | Full call number | Barcode | Date last checked out | Cost, replacement price | Price effective from | Koha item type | Lost status | Source of classification or shelving scheme | Damaged status | Not for loan | Collection | Withdrawn status | Home library | Current library | Shelving location | Date acquired | Cost, normal purchase price |
|---|---|---|---|---|---|---|---|---|---|---|---|---|---|---|---|---|---|---|
| 03/25/2024 | 1 | LB1028 LI | 92004048912 | 03/23/2024 | 80.00 | 01/23/2023 | BOOKS | LCC | NFIC | MAIN | Medical | GEN | 01/23/2023 | 80.00 |